| 000 | 00560nam a2200169 a 4500 | ||
|---|---|---|---|
| 001 | 000027879 | ||
| 005 | 20240320074001.0 | ||
| 008 | 110405s1998 dr 000 0 spa d | ||
| 040 |
_aDO-SdBNP _bspa _cBNPHU |
||
| 082 |
_axxx _bL923A |
||
| 100 | 1 |
_aArnáiz, Francisco José _d1925- _921372 |
|
| 245 | 1 | 0 |
_aSan Ignacio de Loyola : _bFrancisco José Arnáiz; edición al cuidado de Rafael Bello Peguero. |
| 260 |
_aSanto Domingo : _bAmigo del Hogar, _c1998. |
||
| 300 |
_a63 p. ; _c20 cm. |
||
| 700 | 1 |
_aBello Peguero, Rafael, _d1932-2022 _eed. _92405 |
|
| 049 | _aBNPD | ||
| 999 |
_c27371 _d27371 |
||